[Event "Barcelona Primavera La Lira op 10th"]
[Site "Barcelona"]
[Date "2017.06.08"]
[Round "8"]
[White "Risquez Perez, Antonio"]
[Black "Sanchez Coves, Juan Josep"]
[Result "0-1"]
[WhiteElo "1534"]
[BlackElo "1646"]
[PlyCount "30"]
[EventDate "2017.04.20"]
[EventType "swiss"]
[EventRounds "9"]
[EventCountry "ESP"]
[SourceTitle "EXT 2018"]
[Source "ChessBase"]
[SourceDate "2017.10.13"]
[SourceVersion "1"]
[SourceVersionDate "2017.10.13"]
[SourceQuality "1"]

1. e4 e5 2. Nc3 f5 3. exf5 Nf6 4. Bc4 d5 5. Bb5+ c6 6. Be2 Bxf5 7. Nf3 Bd6 8. h3 h5 9. 0-0 Qd7 10. Ng5 e4 11. d4 Qc7 12. Re1 Bf4 13. Ne6 Bxe6 14. g3 Bxg3 15. fxg3 Qxg3+ 0-1

[Event "Barcelona Primavera La Lira op 10th"]
[Site "Barcelona"]
[Date "2017.05.11"]
[Round "4"]
[White "Risquez Perez, Antonio"]
[Black "Valbuena Castro, Gregorio"]
[Result "0-1"]
[WhiteElo "1534"]
[BlackElo "1728"]
[PlyCount "58"]
[EventDate "2017.04.20"]
[EventType "swiss"]
[EventRounds "9"]
[EventCountry "ESP"]
[SourceTitle "EXT 2018"]
[Source "ChessBase"]
[SourceDate "2017.10.13"]
[SourceVersion "1"]
[SourceVersionDate "2017.10.13"]
[SourceQuality "1"]

1. e4 e5 2. Nf3 Nf6 3. Bc4 d5 4. Be2 Nc6 5. Nc3 dxe4 6. Ng5 Bf5 7. Bb5 h6 8. Nxf7 Kxf7 9. 0-0 Bc5 10. Qe2 Qd4 11. a3 Bg4 12. Qc4+ Qxc4 13. Bxc4+ Ke7 14. b4 Bb6 15. Bb2 Rad8 16. Rad1 Bxd1 17. Rxd1 Nd4 18. Rc1 Rd7 19. a4 a6 20. Ba3 Kd8 21. a5 Ba7 22. b5 axb5 23. Nxb5 Nxb5 24. Bxb5 Rxd2 25. h3 Rxf2 26. Rd1+ Rd2+ 27. Kf1 Rxd1+ 28. Ke2 Rg1 29. g4 Rg3 0-1